000 00601nam a22001937a 4500
999 _c171586
_d171586
005 20200115160433.0
010 _aA-644478
020 _c15.00
035 _aA-644478
037 _bBPPD/Pub.
082 _a841.08
100 _aممتاز حسین
245 _aیگانہ : شخص اور شاعری /
_cممتاز حسین
246 _aYagana: Shakhs Aur Shayri (Urdu) /
_bby Mumtaz Haseen
260 _bEducational Publishing House
_cء1988
_aNew Delhi
270 _a2060, Daryaganj
_bNew Delhi
_e110002
300 _a128p.
_c19cm(Hb)
942 _2ddc
_cUR
_h841.08
_mو ا ج